Kreslím kolo guľaté príprava na čítanie, na grafický prejav a na formovanie myslenia dieťaťa

Bibliographic Details
Main Authors: Aliprandi, Cecilia (Author), Bissi, Rosanna (Author)
Other Authors: Fellegiová, Jela (Translator, Editor), Cassinelli, Attilio (Illustrator)
Format: Book
Language:Slovak
Italian
PhysicalDescription:128 strán farebné ilustrácie 25 cm 1 príloha (16 strán)
Published: Bratislava Mladé letá 1986
Edition:1. vyd.
Series:Knižné hračky
Subjects:

MARC

LEADER 00000cam a2200000 a 4500
001 vtls001230829
003 SK-MaSNL
005 20260301053113.0
008 240226s1986 xo a ar 000 0 slo
015 |a SNBA1986 
020 |q (brožované) 
035 |a SNK000177837 
035 |a 9C509FC3-9750-4F69-849C-898A66666A9E 
035 |a urn:nbn:sk:snk-am00ibtt 
035 |a F1502F2E-DF90-4651-87E2-EDE225269664 
035 |a urn:nbn:sk:snk-am00ifet 
040 |a SNK  |b slo  |c SNK  |e AACR2 
041 1 |a slo  |h ita 
044 |a xo  |c SK 
072 7 |a 373.2/.3  |x Predškolská a primárna výchova a vzdelávanie  |2 konspekt 
072 7 |a 0/9-053.2  |x Literatúra pre deti a mládež (náučná)  |2 konspekt 
080 |a 087.5(084.11)  |2 1997 
080 |a 373.2  |2 2011 
080 |a 159.955  |2 2011 
080 |a (0.053.2)  |2 2011 
080 |a (076.1)  |2 2011 
080 |a 741  |2 2011 
080 |a (084.11)  |2 2011 
100 1 |a Aliprandi, Cecilia  |4 aut  |9 363034 
240 1 0 |a Immagin  |l Slovensky 
245 1 0 |a Kreslím kolo guľaté  |h grafika  |b príprava na čítanie, na grafický prejav a na formovanie myslenia dieťaťa  |c Cecilia Aliprandiová, Rosanna Bissiová ; ilustroval Attilio Cassinelli ; [z talianskeho originálu Immagini ... preložila a upravila Jela Fellegiová] 
250 |a 1. vyd. 
260 |a Bratislava  |b Mladé letá  |c 1986  |e Martin  |f Tlačiarne SNP 
300 |a 128 strán  |b farebné ilustrácie  |c 25 cm  |e 1 príloha (16 strán) 
366 |e 30000 výtl. 
490 1 |a Knižné hračky 
521 1 |a Pre najmenších 
650 0 7 |a predškolská výchova  |2 SNKPH  |9 3959 
650 0 7 |a rozvoj myslenia  |2 SNKPH  |9 3967 
650 0 7 |a kreslenie  |2 SNKPH  |9 1239 
655 7 |a publikácie pre deti  |2 SNKPH  |9 70148 
655 7 |a pracovné zošity  |2 SNKPH  |9 70188 
655 7 |a obrazové publikácie  |2 SNKPH  |9 70343 
700 1 |a Bissi, Rosanna  |4 aut  |9 363035 
700 1 |a Fellegiová, Jela  |4 trl  |4 edt  |9 363036 
700 1 |a Cassinelli, Attilio  |4 ill  |9 63068 
830 0 |a Knižné hračky  |9 363037 
852 |a Slovenská národná knižnica 
954 |a odborná, vedecká literatúra cudzojazyčná (svetová)  |2 lita 
954 |a ilustrované knihy, leporelá, komiksy cudzojazyčné (svetové)  |2 lita 
958 |a OND 
958 |a GPZ 
958 |a DB 
958 |a TL 
958 |a OP 
958 |a EUIPO 
968 |b IT 
999 |c 607484  |d 609414 
952 |a SNK  |b SNK  |y VYP  |7 0  |p 17A0362276  |o snkSC 66939 D1  |i snkKSP 6338/86  |0 0  |1 0  |4 0  |d 1998-05-25  |l 0  |r 2005-01-01 00:00:00  |w 2026-02-23 
952 |a SNK  |b SNK  |y PREZ  |7 0  |p 17A1165224  |o snkSC 66939/príl.  |i snkKSP 6337/86  |z Príloha: 1 brožúra  |0 0  |1 0  |4 0  |d 2022-07-25  |f 1  |l 0  |r 2025-07-09 00:00:00  |w 2026-02-23 
952 |a SNK  |b SNK  |y PREZ  |7 0  |p 17A0933850  |o snkSC 66939  |i snkKSP 6337/86  |3 Obsahuje prílohu: 1 brožúra  |z Obsahuje prílohu: 1 brožúra  |0 0  |1 0  |4 0  |d 1998-05-25  |f 1  |l 0  |r 2025-07-09 00:00:00  |w 2026-02-23